000 00398nam a2200181Ia 4500
001 1301
005 20260306143718.0
008 260306t2009||||xx |||||||||||||| ||spa||
041 _aESP
082 _a193
_bK21 2009
100 _aKant, Immanuel
_eAUT
245 0 _aCrítica de la razón pura
260 _c2009
300 _a
_c
650 _aGEN
654 _aCHU
942 _cLIB
_dJUS
_fJUS
_2ddc
_n
999 _c1301
_d1301